| 000 | 00960cam a2200217 4500 | ||
|---|---|---|---|
| 001 | WB3904-14 | ||
| 008 | 030128n2003 000 0 eng u | ||
| 035 | _a(Sirsi) u121133 | ||
| 245 | _aHousing market report: January 2003 | ||
| 260 | _c2003 | ||
| 490 |
_aODPM Housing Market Report _vJanuary 2003, (4) |
||
| 520 | _aMonthly summary of the latest indicators of UK house price inflation from the ODPM and commercial sources. Covers economic trends, regional house prices, mortgage interest rates, affordability, home loan approvals, property transactions, private house starts and repossession activity. http://www.housing.odpm.gov.uk/statistics/publicat/housemarket/2003/pdf/january.pdf | ||
| 590 | _aWB | ||
| 650 | _aHOUSE PRICE INFLATION | ||
| 650 | _aMORTGAGE INTEREST RATES | ||
| 650 | _aAFFORDABILITY | ||
| 650 | _aHOME LOANS | ||
| 650 | _aREPOSSESSIONS | ||
| 690 | _aPROPERTY-RESIDENTIAL PROPERTY-RESIDENTIAL PROPERTY MARKET | ||
| 942 | _n0 | ||
| 999 |
_c71977 _d71977 |
||